00622 a2200181 450000500170000000800410001701000140005802000230007203500130009503700180010808200120012610000190013824500810015725000170023826000440025527001160029930000250041520080912160547.0080912t xxu||||| |||| 00| 0 eng d aENG-87767 c350.00a8183186149 aEN-71300 bD.B.Act / Pub a658.404 aNarendra Singh aProblems and solutions in project management and controlcby Narendra Singh a3rd rev. ed. aMumbaibHimalaya Publishing Housec2007 a"Ramdoot", Dr. Bhalerao Marg, (Kelewadi), GirgaonbMumbaie400 004k022-23860170, 022-23863863mhimpub@vsnl.com a600 p.c24 cm. (Pbk)